00362pab a2200133 454500008004000000100001800040245007900058260000900137300001600146362000800162650001500170700001800185773002500203180718b2007 xxu||||| |||| 00| 0 eng d aSpicer, Andre aMoving management: theorizing struggles against the hegemony of management c2007 ap.1667-698. aNov aManagement aBohm, Steffen aOrganization Studies